Top 100 NBA players of all-time - Statistics

General Stats
  • This quiz has been taken 69 times
  • The average score is 67 of 100
Answer Stats
Team POS # Answer % Correct
CLE/MIA/LAL SF 2 LeBron James
100%
MIL/LAL C 3 Kareem Abdul-Jabbar
98%
LAL SG 10 Kobe Bryant
98%
LAL PG 7 Magic Johnson
98%
CHI/WAS SG 1 Michael Jordan
98%
ORL/LAL/MIA/PHO/CLE/BOS C 11 Shaquille O'Neal
98%
GSW PG 5 Stephen Curry
98%
SAS PF 9 Tim Duncan
97%
LAL SG 13 Jerry West
95%
OKC/GSW/BKN/PHO PF 14 Kevin Durant
95%
BOS SF 8 Larry Bird
95%
BOS C 6 Bill Russell
93%
PHI/LAL C 4 Wilt Chamberlain
93%
DAL PF 16 Dirk Nowitzki
91%
HOU/TOR C 12 Hakeem Olajuwon
91%
CIN/MIL PG 15 Oscar Robertson
90%
CLE/BOS/BKN/DAL PG 96 Kyrie Irving
88%
PHI/DEN/MEM/DET SG 21 Allen Iverson
86%
OKC/HOU/BKN/PHI/LAC SG 32 James Harden
86%
NYN/PHI SF 18 Julius Erving
86%
MIL PF 37 Giannis Antetokounmpo
84%
UTA/LAL PF 17 Karl Malone
84%
UTA/HOU/BUF/PHI/BAL/ATL/MIL/SAS C 23 Moses Malone
84%
OKC/HOU/WAS/LAL/LAC PG 31 Russell Westbrook
84%
SAS C 25 David Robinson
83%
DET PG 24 Isiah Thomas
83%
MIN/BOS/BKN PF 20 Kevin Garnett
83%
MIA/CHI/CLE SG 27 Dwyane Wade
81%
NYK/SEA/ORL C 30 Patrick Ewing
81%
CHI/POR/HOU SF 34 Scottie Pippen
81%
BOS/CIN PG 35 Bob Cousy
79%
PHI/PHO/HOU PF 19 Charles Barkley
79%
SAS/TOR/LAC SF 28 Kawhi Leonard
79%
UTA PG 26 John Stockton
78%
IND SG 47 Reggie Miller
78%
DEN/NYK/OKC/HOU/POR/LAL SF 36 Carmelo Anthony
76%
NOH/LAC/HOU/OKC/PHO/GSW PG 41 Chris Paul
76%
LAL SF 22 Elgin Baylor
76%
DAL/PHO/NJN/NYK PG 38 Jason Kidd
76%
BOS SF 29 John Havlicek
76%
POR/HOU SG 40 Clyde Drexler
74%
BOS/BKN/WAS/LAC SF 53 Paul Pierce
74%
BOS PF 54 Kevin McHale
72%
MIL/SEA/BOS/MIA SG 66 Ray Allen
72%
PHO/DAL/LAL PG 33 Steve Nash
72%
TOR/MIA C/PF 78 Chris Bosh
71%
NOH/NOP/LAL PF/C 60 Anthony Davis
69%
STL PF 39 Bob Pettit
69%
ORL/LAL/HOU/ATL/CHA/WAS/PHI C 57 Dwight Howard
69%
SEA/MIL/LAL/BOS/MIA PG 48 Gary Payton
69%
TOR/ORL/HOU/NYK/DET/ATL SG/SF 45 Tracy McGrady
69%
UTA/TOR/MIN/NJN/ORL/PHO/MAV/MEM/SAC/ATL SG 44 Vince Carter
69%
ATL/LAC/BOS/SAS/ORL SF 42 Dominique Wilkins
67%
SAS/CHA PG 67 Tony Parker
67%
SAS/CHI SG 50 George Gervin
66%
MEM/LAL/CHI/SAS.MIL C 69 Pau Gasol
66%
LAL PF 84 James Worthy
64%
POR/LAC/BOS C 55 Bill Walton
62%
DET/SAS/CHI/LAL/DAL C/PF 77 Dennis Rodman
62%
SAS SG 92 Manu Ginobili
62%
BAL C 52 Wes Unseld
62%
POR/MIL PG 76 Damian Lillard
60%
HOU/BAL PF 43 Elvin Hayes
60%
MIN C 46 George MIkan
59%
DET SG 75 Joe Dumars
59%
ATL/NOJ/BOS SF 62 Pete Maravich
59%
NYK PG 51 Walt Frazier
59%
SFW/NYN/HOU SF 49 Rick Barry
57%
SFW/BOS/CHA/CHI C 83 Robert Parish
57%
DEN/SEA PG 63 David Thompson
55%
HOU C 80 Yao Ming
55%
CHA/NJN/MIA C 85 Alonzo Mourning
53%
BUF/NYK/BOS/DET/NJN/LAL/PHI PF 61 Bob McAdoo
53%
NYK C 59 Willis Reed
52%
MIL/IND/DEN/DAL SF 56 Alex English
50%
BOS C 58 Dave Cowens
50%
BOS SF 87 Sam Jones
50%
DEN/ATL/PHI/NJN/NYK/HOU C 68 Dikembe Mutombo
48%
CHI/SAS C 74 Artis Gilmore
47%
GSW/IND SG/SF 86 Chris Mullin
47%
SYR PF 71 Dolph Schayes
47%
MIN/CLE/MIA PF 95 Kevin Love
45%
MIL SG 82 Sidney Moncrief
45%
NJN/NOJ/GSW/NYK/BAL SG 79 Bernard King
43%
SFW C 73 Nate Thurmond
43%
DET/MIL C 88 Bob Lanier
41%
DET/ORL/PHO/LAC SF 90 Grant Hill
41%
CIN/SAC/NJN/BOS/MIL PG 70 Nate Archibald
41%
BUF/IND/LAL/NOJ/UTA/DET/DAL/MIL SF 64 Adrian Dantley
40%
BAL/NYK SG 65 Earl Monroe
40%
SYR/PHI PG 98 Hal Greer
40%
TOR/BOS/DEN/MIN/DET/NYK/LAC PG 93 Chauncey Billups
38%
PHI SG 97 Paul Arizin
36%
PHI SF 91 Billy Cunningham
33%
PHI/SAS/NYK/ATL/NJN PG 100 Maurice Cheeks
33%
GSW/BAL/SAC/PHI/DET PF 81 Chris Webber
29%
DET/NYK SF/PF 89 Dave DeBusschere
29%
CLE/BAL/GSW/ORL PG 99 Mark Price
28%
CIN/SFW/NYK PF 72 Jerry Lucas
24%
LAL/PHO/NOJ SG 94 Gail Goodrich
21%
No matching quizzes found
Score Distribution
Percent of People with Each Score
Percentile by Number Answered
Your Score History
You have not taken this quiz